Secondary education: report of the advisory council on education in scotland (Record no. 494647)

000 -LEADER
fixed length control field 00403cam a22001097a 4500
008 - FIXED-LENGTH DATA ELEMENTS--GENERAL INFORMATION
fixed length control field 180718b1947 xxu||||| |||| 00| 0 eng d
082 ## - DEWEY DECIMAL CLASSIFICATION NUMBER
Classification number P43x41 Un3
245 ## - TITLE STATEMENT
Title Secondary education: report of the advisory council on education in scotland
Statement of responsibility, etc. by Scottish Education Department
260 ## - PUBLICATION, DISTRIBUTION, ETC.
Place of publication, distribution, etc. Edinburgh
Name of publisher, distributor, etc. Her Majesty's Stationery Office
Date of publication, distribution, etc. 1947
300 ## - PHYSICAL DESCRIPTION
Extent 197p
700 ## - ADDED ENTRY--PERSONAL NAME
Personal name France. Scottish Education Department
Holdings
Withdrawn status Lost status Damaged status Not for loan Permanent Location Current Location Date acquired Full call number Barcode Date last seen Price effective from Koha item type
        Indian Institute of Public Administration Indian Institute of Public Administration 2018-08-04 P43x41 Un3 G2321 2018-08-04 2018-08-04 G

Powered by Koha